| 000 | 00959 a2200241 4500 | ||
|---|---|---|---|
| 010 | _aENG-89033 | ||
| 020 |
_c650.00 _a8124604215 |
||
| 035 | _aEN-72566 | ||
| 037 | _bDBAD / PUB | ||
| 082 | 1 | 4 | _a793.31954 |
| 090 |
_c9929 _d9929 |
||
| 100 | _aBose, Mandakranta | ||
| 245 | 1 |
_aMovement and Mimesis : _cby Mandakranta Bose _bthe idea of dance in the Sanskrit tradition / |
|
| 260 |
_aNew Delhi _bD.K. Printworld _c2007(repr) |
||
| 270 |
_aRegd. Office: `Sri Kunj', F-52, Bali Nagar, _bNew Delhi _e110 015 |
||
| 300 |
_c23cm (Hb ) _axii, 332p. |
||
| 500 | _aReprint. Originally Published: Dordrecht: Kluwer Academic Publishers, 1991.- (Studies of classical India; v. 12) | ||
| 500 | _aIncludes bibliographical references and index | ||
| 650 |
_aDance _xHistory _yIndia |
||
| 650 |
_aSanskrit language _xTexts |
||
| 942 |
_cEN _adpl _k793.31954 / BOS |
||
| 999 |
_c9739 _d9739 |
||